| 000 | 00612nam a22001817a 4500 | ||
|---|---|---|---|
| 999 |
_c160444 _d160444 |
||
| 005 | 20190213144513.0 | ||
| 010 | _aENG-124748 | ||
| 020 |
_a9789386473431 _c350.00 |
||
| 035 | _aEN-108280 | ||
| 037 | _bDBAD/PUB | ||
| 082 | _a363.325 | ||
| 245 |
_aTerrorism and human rights in the globalizing world: _ced. by Nirmal Kumar Sahoo _bexperience in indian context/ |
||
| 260 |
_aNew Delhi _bNew Academic Publishers _c2017 |
||
| 270 |
_a4760-61/23, Ansari Road, Daryaganj, _bNew Delhi _e110002 |
||
| 300 |
_a160p. _c24cm.(Hb) |
||
| 700 | _aSahoo Nirmal Kumar | ||
| 942 |
_2ddc _cEN _mTER _h363.325 |
||